[Event "Copenhagen op 16th"]
[Site "Copenhagen"]
[Date "1994.??.??"]
[Round "1"]
[White "Christensen, Bo Garner"]
[Black "Hector, Jonny"]
[Result "0-1"]
[WhiteElo "2225"]
[BlackElo "2515"]
[PlyCount "66"]
[EventDate "1994.06.??"]
[Source "ChessBase"]

1. d4 d5 2. c4 c6 3. Nf3 Nf6 4. Nc3 e6 5. Bg5 dxc4 6. a4 Bb4 7. e3 b5 8. Be2
Nbd7 9. O-O Qb6 10. Qc2 h6 11. Bh4 Bb7 12. Ne4 Nxe4 13. Qxe4 c5 14. Qc2 a6 15.
Rfd1 Nf6 16. Bxf6 gxf6 17. e4 cxd4 18. Nxd4 Bc5 19. a5 Qa7 20. Qc3 O-O-O 21.
Nf3 Bxf2+ 22. Kf1 e5 23. Nxe5 Bg1 24. Ng4 Bd4 25. Qg3 h5 26. Qf4 Qc5 27. Nxf6
Qe5 28. Nxh5 Bxe4 29. Qg4+ f5 30. Qf4 Bxg2+ 31. Kxg2 Qxe2+ 32. Kh1 Rxh5 33. Re1
Rxh2+ 0-1

[Event "Antwerp op"]
[Site "Antwerp"]
[Date "1994.??.??"]
[Round "2"]
[White "Thoeng, Paulus"]
[Black "Hector, Jonny"]
[Result "0-1"]
[WhiteElo "2260"]
[BlackElo "2530"]
[PlyCount "73"]
[EventDate "1994.08.??"]
[Source "ChessBase"]

1. e4 e5 2. f4 exf4 3. Be2 f5 4. exf5 Qh4+ 5. Kf1 d5 6. Nc3 c6 7. d4 Bxf5 8.
Nf3 Qh6 9. Bd3 Bxd3+ 10. Qxd3 Bd6 11. h4 Ne7 12. g4 Nd7 13. Bd2 O-O-O 14. Re1
Qf6 15. h5 h6 16. Rh2 g6 17. hxg6 Qxg6 18. Qxg6 Nxg6 19. Re6 Ndf8 20. Rf6 Be7
21. Rf7 Ne6 22. Na4 Rde8 23. b4 Rhf8 24. Rxf8 Bxf8 25. b5 Ng5 26. Nxg5 hxg5 27.
bxc6 bxc6 28. Rh5 Be7 29. Rh6 Rg8 30. Nb2 c5 31. dxc5 Bxc5 32. Nd3 Bd4 33. Nb4
Ne5 34. Nxd5 Rd8 35. Ne7+ Kb7 36. Nf5 Bc5 37. Rh7+ 0-1

[Event "Copenhagen BSF"]
[Site "Copenhagen"]
[Date "1995.??.??"]
[Round "4"]
[White "Emms, John M"]
[Black "Hector, Jonny"]
[Result "0-1"]
[WhiteElo "2500"]
[BlackElo "2540"]
[PlyCount "60"]
[EventDate "1995.03.??"]
[Source "ChessBase"]

1. e4 e5 2. Bc4 Nf6 3. d3 Nc6 4. Nc3 Na5 5. Bg5 Be7 6. Qf3 Nxc4 7. dxc4 d6 8.
Nge2 O-O 9. h3 Nd7 10. Bxe7 Qxe7 11. Nd5 Qd8 12. O-O-O Nc5 13. g4 a6 14. Kb1 b5
15. cxb5 axb5 16. Ng3 c6 17. Nb4 Na6 18. Qc3 Be6 19. Nxa6 Rxa6 20. b3 c5 21.
Nf5 b4 22. Qd2 Bxf5 23. gxf5 Rxa2 24. Qxd6 Qa5 25. Qxe5 Ra8 26. Kc1 Qa3+ 27.
Kd2 Qxb3 28. Rc1 Qf3 29. Qd5 Qxf2+ 30. Kd3 R8a3+ 0-1

[Event "Malmo"]
[Site "Malmo"]
[Date "1995.??.??"]
[Round "4"]
[White "Djurhuus, Rune"]
[Black "Hector, Jonny"]
[Result "0-1"]
[WhiteElo "2495"]
[BlackElo "2540"]
[PlyCount "122"]
[EventDate "1995.05.??"]
[Source "ChessBase"]

1. e4 e5 2. Nf3 Nc6 3. Bb5 a6 4. Bxc6 dxc6 5. O-O Bg4 6. h3 Bh5 7. g4 Bg6 8.
Nxe5 Bd6 9. Nxg6 hxg6 10. Kg2 Qh4 11. Qf3 Bf4 12. Nc3 Ne7 13. d4 g5 14. Ne2 Ng6
15. Rh1 Qh6 16. Kf1 Nh4 17. Qd3 Bxc1 18. Rxc1 O-O-O 19. Qe3 Rhe8 20. Rg1 Qe6
21. Nc3 Qc4+ 22. Ne2 Qxa2 23. Qxg5 Rxe4 24. f3 Nxf3 25. Qf5+ Re6 26. Rg3 Qc4
27. Rxf3 Qxe2+ 28. Kg1 Rxd4 29. Rcf1 Rd7 30. Qc5 b6 31. Qf8+ Kb7 32. Qxg7 Rd2
33. R3f2 Qe3 34. Qc3 Rxf2 35. Rxf2 Qc1+ 36. Rf1 Qh6 37. Qg3 f6 38. h4 a5 39. h5
Re4 40. Qf3 Rb4 41. Kh2 Qg5 42. Kh3 Rxb2 43. Qxf6 Qe3+ 44. Qf3 Qc5 45. Qf5 Qa3+
46. Qd3 Qa2 47. Rf2 Rb1 48. Kg2 Qg8 49. Qd7 Qc4 50. Qf5 Rb5 51. Qf4 Qe6 52. Kg3
Rc5 53. h6 Rc3+ 54. Kh4 Rc4 55. Qg5 Qe4 56. Kh5 a4 57. Rf5 Rxc2 58. h7 Rh2+ 59.
Kg6 Qe8+ 60. Rf7 Rxh7 61. Kxh7 Qxf7+ 0-1

[Event "Copenhagen op 17th"]
[Site "Copenhagen"]
[Date "1995.??.??"]
[Round "1"]
[White "Molvig, Henrik"]
[Black "Hector, Jonny"]
[Result "0-1"]
[WhiteElo "2240"]
[BlackElo "2540"]
[PlyCount "92"]
[EventDate "1995.06.??"]
[Source "ChessBase"]

1. d4 d5 2. Nf3 Nf6 3. c4 c6 4. Nc3 e6 5. cxd5 exd5 6. Bg5 Be7 7. e3 Bf5 8. Nh4
Be6 9. Bd3 h6 10. Bf4 Ne4 11. Nf3 Qa5 12. Qb3 O-O 13. Qxb7 Nxc3 14. bxc3 Qxc3+
15. Ke2 Nd7 16. Rhc1 Qa3 17. Qa6 Qxa6 18. Bxa6 c5 19. Rab1 c4 20. Bb7 Rad8 21.
Bc7 Rde8 22. Rb5 Nf6 23. Ne5 Ba3 24. Rc3 Re7 25. Rxa3 Rxc7 26. f3 Rb8 27. Rxa7
Ne8 28. Rb6 Nd6 29. Ra8 Rxa8 30. Bxa8 Ra7 31. Bxd5 Rxa2+ 32. Kf1 Nf5 33. Bxe6
Nxe3+ 34. Kg1 fxe6 35. Nxc4 Nxc4 36. Rxe6 Rd2 37. Re4 Nd6 38. Rf4 Nb5 39. Kf1
Nxd4 40. Ke1 Rd3 41. h4 Ne6 42. Rf5 Ra3 43. h5 Ra2 44. Kf1 Rc2 45. Re5 Nf4 46.
g3 Rc1+ 0-1

[Event "Copenhagen op 17th"]
[Site "Copenhagen"]
[Date "1995.??.??"]
[Round "3"]
[White "Dausch, Rene"]
[Black "Hector, Jonny"]
[Result "0-1"]
[WhiteElo "2305"]
[BlackElo "2540"]
[PlyCount "102"]
[EventDate "1995.06.??"]
[Source "ChessBase"]

1. b3 e5 2. Bb2 f6 3. e4 Ne7 4. d4 exd4 5. Qxd4 Nbc6 6. Qd2 d5 7. Nc3 dxe4 8.
Qxd8+ Nxd8 9. Nxe4 Bf5 10. Bd3 Ndc6 11. a3 O-O-O 12. Ne2 Bg6 13. O-O-O Ne5 14.
Bxe5 fxe5 15. Kb2 Nc6 16. N2g3 Be7 17. c3 h5 18. h4 Rhf8 19. f3 Rf4 20. Nf2
Bxd3 21. Nxd3 Rxh4 22. Rxh4 Bxh4 23. Ne4 g6 24. Kc2 Be7 25. b4 Bd6 26. Nb2 Bf8
27. Rh1 Ne7 28. Nc4 Bg7 29. g4 Rh8 30. gxh5 Rxh5 31. Rg1 Rh3 32. Rg3 Rxg3 33.
Nxg3 Kd7 34. Ne4 b6 35. Ng5 Bf6 36. Ne4 Ke6 37. Ne3 Nf5 38. Kd3 Be7 39. a4 c6
40. Ng4 Nh4 41. Ke2 Ng2 42. Kd3 a6 43. Ne3 Nf4+ 44. Kc4 b5+ 45. Kb3 Nd5 46. Nc2
Kf5 47. c4 bxc4+ 48. Kxc4 Kf4 49. Nc5 Nb6+ 50. Kb3 Bxc5 51. bxc5 Nd5 0-1

[Event "Copenhagen op 17th"]
[Site "Copenhagen"]
[Date "1995.??.??"]
[Round "7"]
[White "Moskalenko, Viktor"]
[Black "Hector, Jonny"]
[Result "0-1"]
[WhiteElo "2525"]
[BlackElo "2540"]
[PlyCount "76"]
[EventDate "1995.06.??"]
[Source "ChessBase"]

1. c4 Nf6 2. Nc3 e5 3. g3 d5 4. cxd5 Nxd5 5. Bg2 Nb6 6. Nf3 Nc6 7. a3 Be6 8. b4
a5 9. bxa5 Rxa5 10. O-O Be7 11. d3 O-O 12. Bb2 Nd4 13. Nxd4 exd4 14. Ne4 Na4
15. Qc2 Qd7 16. f4 Rfa8 17. Rfb1 Bd5 18. Bc1 f5 19. Bd2 fxe4 20. Bxa5 Rxa5 21.
dxe4 Bc6 22. Qc4+ Kh8 23. e5 Bxg2 24. Kxg2 Rc5 25. Qf7 b5 26. Rd1 h6 27. Rd3
Nc3 28. Re1 Nd5 29. Red1 Qg4 30. Rf3 Ne3+ 31. Rxe3 dxe3 32. Re1 Qd7 33. h4 Qd5+
34. Qxd5 Rxd5 35. Ra1 c5 36. Kf3 c4 37. Ke4 Rd2 38. Kxe3 c3 0-1

[Event "Copenhagen op 17th"]
[Site "Copenhagen"]
[Date "1995.??.??"]
[Round "10"]
[White "Hector, Jonny"]
[Black "Hansen, Lars Bo"]
[Result "0-1"]
[WhiteElo "2540"]
[BlackElo "2580"]
[PlyCount "80"]
[EventDate "1995.06.??"]
[Source "ChessBase"]

1. e4 e6 2. d4 d5 3. Nc3 dxe4 4. Nxe4 Nd7 5. Nf3 Ngf6 6. Nxf6+ Nxf6 7. Bd3 c5
8. dxc5 Bxc5 9. Qe2 O-O 10. Bg5 h6 11. h4 Qa5+ 12. Bd2 Bb4 13. O-O-O Bxd2+ 14.
Nxd2 e5 15. a3 Be6 16. Nc4 Bxc4 17. Bxc4 Rac8 18. Bb3 e4 19. g4 Rfd8 20. f4 Qc7
21. Rxd8+ Rxd8 22. Rf1 Nd7 23. g5 Nc5 24. Ba2 Rd6 25. Kb1 Qd7 26. Rc1 b6 27. f5
hxg5 28. hxg5 Qxf5 29. Qh2 Qd7 30. Qh5 g6 31. Qh6 Ne6 32. Qh4 Rd1 33. Qxe4 Qd2
34. Bxe6 Rxc1+ 35. Ka2 Qxg5 36. Qa8+ Kg7 37. Qxa7 Qf6 38. Bb3 Qf1 39. Bd5 Ra1+
40. Kb3 Qb5+ 0-1

[Event "La Coruna TH op"]
[Site "La Coruna"]
[Date "1995.??.??"]
[Round "2"]
[White "Suarez Pousa, Diego"]
[Black "Hector, Jonny"]
[Result "0-1"]
[WhiteElo "2265"]
[BlackElo "2510"]
[PlyCount "88"]
[EventDate "1995.07.??"]
[Source "ChessBase"]

1. e4 e5 2. Nf3 Nc6 3. Bb5 Bb4 4. c3 Ba5 5. Na3 Bb6 6. Nc4 d6 7. d4 exd4 8. a4
Be6 9. Nxb6 axb6 10. Bg5 Nge7 11. Nxd4 Bd7 12. Nf5 Bxf5 13. exf5 Qd7 14. g4 f6
15. Bf4 h5 16. f3 g6 17. fxg6 Nxg6 18. Bg3 O-O-O 19. O-O hxg4 20. fxg4 Nge5 21.
Rxf6 Nxg4 22. Rg6 Nxh2 23. Bc4 Rde8 24. Bxh2 Rxh2 25. Be6 Rxe6 26. Rxe6 Rh8 27.
Qg4 Ne5 28. Qf5 Rg8+ 29. Kf2 Nd3+ 30. Kf1 Kb8 31. Rd1 Nxb2 32. Rde1 Qxa4 33.
Qf7 Qc4+ 34. R1e2 Rc8 35. Kg2 Qg4+ 36. Kf1 Qc4 37. Kg2 Qd5+ 38. Kf1 Qh1+ 39.
Kf2 Nd1+ 40. Kg3 Nxc3 41. Re1 Qd5 42. Qg6 b5 43. Ra1 Qb3 44. Re8 Ne4+ 0-1

[Event "La Coruna TH op"]
[Site "La Coruna"]
[Date "1995.??.??"]
[Round "4"]
[White "Glavina Rossi, Pablo"]
[Black "Hector, Jonny"]
[Result "0-1"]
[WhiteElo "2390"]
[BlackElo "2510"]
[PlyCount "102"]
[EventDate "1995.07.??"]
[Source "ChessBase"]

1. c4 Nf6 2. Nf3 c6 3. g3 d5 4. Bg2 Bg4 5. O-O Nbd7 6. cxd5 cxd5 7. d4 e6 8.
Nc3 Bd6 9. Bf4 Bxf4 10. gxf4 O-O 11. Ne5 Bf5 12. e3 Ne8 13. Qb3 Nb6 14. a4 Nd6
15. a5 Nbc4 16. Qb4 Rc8 17. Rfc1 b6 18. a6 f6 19. Nf3 Qd7 20. Nh4 Bd3 21. Rd1
Bc2 22. Rdc1 Bd3 23. Rd1 Bg6 24. Nxg6 hxg6 25. Rdc1 g5 26. b3 Na5 27. fxg5 fxg5
28. e4 Nc6 29. Qa4 Qf7 30. exd5 Qxf2+ 31. Kh1 Nxd4 32. dxe6 Nxe6 33. Bd5 Kh8
34. Qg4 Nf4 35. Rf1 Qh4 36. Qxh4+ gxh4 37. Ne4 Nxe4 38. Bxe4 g5 39. Rad1 Rfe8
40. Bf5 Rcd8 41. Rxd8 Rxd8 42. Rg1 Kg7 43. Rc1 Kf6 44. Bg4 Rd2 45. h3 Ra2 46.
Bc8 g4 47. hxg4 Kg5 48. Rc7 Ne2 49. Rxa7 Ng3+ 50. Kg1 h3 51. Rh7 Rg2# 0-1

[Event "La Coruna TH op"]
[Site "La Coruna"]
[Date "1995.??.??"]
[Round "8"]
[White "Hector, Jonny"]
[Black "Giorgadze, Giorgi"]
[Result "0-1"]
[WhiteElo "2510"]
[BlackElo "2605"]
[PlyCount "131"]
[EventDate "1995.07.??"]
[Source "ChessBase"]

1. e4 e5 2. f4 Bc5 3. Nf3 d6 4. c3 Bb6 5. Na3 Nf6 6. fxe5 dxe5 7. Nc4 Nxe4 8.
Nxb6 axb6 9. Qe2 Bf5 10. d3 Nc5 11. Qxe5+ Qe7 12. Qxe7+ Kxe7 13. Bf4 Re8 14.
Nh4 Bxd3 15. O-O-O Be4 16. Bc4 b5 17. Bd5 Bxd5 18. Rxd5 Ne6 19. Nf5+ Kf8 20.
Bg3 Nc6 21. a3 b4 22. cxb4 Nxb4 23. Rd7 Nc6 24. Rhd1 Red8 25. Rxd8+ Rxd8 26.
Rxd8+ Ncxd8 27. Kc2 g6 28. Ne3 f5 29. Nd5 c6 30. Nb6 Ke7 31. Nc8+ Kf6 32. a4 f4
33. Bf2 Ke5 34. Kd3 g5 35. Nb6 Nf7 36. Nc4+ Kf5 37. Na5 Ne5+ 38. Kc3 b5 39. b3
Ke4 40. Nb7 Kd5 41. a5 b4+ 42. Kd2 c5 43. a6 Nc6 44. g3 f3 45. g4 h6 46. Be3
Na7 47. Ke1 Kc6 48. Kf2 Nb5 49. h4 gxh4 50. Bxh6 Nbd4 51. g5 h3 52. Kg3 Nf5+
53. Kxf3 Nf4 54. Nd8+ Kb6 55. Kxf4 h2 56. Kxf5 h1=Q 57. Ne6 Qh3+ 58. Kf6 Qf3+
59. Ke7 Qf5 60. Nf8 Qe4+ 61. Kd6 Qd3+ 62. Ke7 Qe3+ 63. Kd6 Kxa6 64. Ne6 Kb6 65.
Bf8 Qxb3 66. Nxc5 0-1

[Event "Berliner Sommer"]
[Site "Berlin"]
[Date "1995.??.??"]
[Round "6"]
[White "Bogdanovich, Grigory"]
[Black "Hector, Jonny"]
[Result "0-1"]
[WhiteElo "2380"]
[BlackElo "2510"]
[PlyCount "132"]
[EventDate "1995.08.??"]
[Source "ChessBase"]

1. d4 d5 2. Nf3 Nf6 3. c4 c6 4. e3 Bf5 5. Nc3 e6 6. Be2 Bd6 7. Nh4 Be4 8. a3 h6
9. cxd5 cxd5 10. Nxe4 dxe4 11. g3 Nc6 12. Qb3 Qd7 13. Bd2 a6 14. Rc1 e5 15. Nf5
Bf8 16. dxe5 Nxe5 17. Nd4 Bd6 18. Bb4 O-O 19. Bxd6 Qxd6 20. O-O Qd7 21. Rfd1
Qh3 22. Bf1 Qh5 23. h3 Rad8 24. Kg2 Rd7 25. Be2 Qg6 26. Rc5 Re8 27. Qc2 Kh7 28.
Rc7 Ree7 29. Rxd7 Rxd7 30. Qc5 Nd5 31. Qf8 Qg5 32. Qe8 Rd8 33. Qa4 b5 34. Qc2
Qg6 35. Kh2 h5 36. Bf1 Rd7 37. Bg2 Nf6 38. Qc8 Nd3 39. Qc2 Ne5 40. Qc8 Nc4 41.
b3 Ne5 42. Qc2 Nd3 43. Bf1 Ne5 44. Bg2 Rd5 45. Rd2 Nd3 46. Qd1 Rc5 47. Rc2 Rg5
48. Qh1 Re5 49. Qf1 Rd5 50. Ne2 h4 51. b4 Rf5 52. Nf4 hxg3+ 53. fxg3 Nxf4 54.
exf4 Rd5 55. Rc3 Qh5 56. Rc1 Rd2 57. Kg1 Qd5 58. g4 Qd4+ 59. Kh1 g6 60. Qe1 Kg7
61. f5 g5 62. h4 Nxg4 63. hxg5 e3 64. f6+ Kg6 65. Ra1 Qe5 66. Qh4 Qxa1+ 0-1

[Event "Berliner Sommer"]
[Site "Berlin"]
[Date "1995.??.??"]
[Round "8"]
[White "Levin, Felix"]
[Black "Hector, Jonny"]
[Result "0-1"]
[WhiteElo "2490"]
[BlackElo "2510"]
[PlyCount "128"]
[EventDate "1995.08.??"]
[Source "ChessBase"]

1. d4 d5 2. c4 c6 3. Nf3 Nf6 4. Nc3 e6 5. Bg5 dxc4 6. a4 Bb4 7. e4 c5 8. Bxc4
cxd4 9. Bb5+ Nc6 10. Nxd4 Bd7 11. O-O h6 12. Bh4 g5 13. Bg3 Bxc3 14. bxc3 Nxe4
15. Bxc6 Bxc6 16. Be5 Rg8 17. Nxc6 bxc6 18. Qb1 Qd5 19. Bb8 c5 20. c4 Qc6 21.
Be5 Nd2 22. Qh7 Ke7 23. Rfd1 Nxc4 24. Bg7 Nd6 25. Qxh6 Ne8 26. Be5 Qe4 27. Bg3
Rd8 28. Rxd8 Kxd8 29. Qh5 Ke7 30. Qd1 f5 31. Bb8 a6 32. Ba7 c4 33. Bc5+ Kf6 34.
Rc1 Qd5 35. Qd4+ Qxd4 36. Bxd4+ e5 37. Bc5 Rg7 38. Rxc4 Rc7 39. Rc1 Nd6 40. Rd1
Rxc5 41. Rxd6+ Ke7 42. Rd1 Rc4 43. Ra1 a5 44. h3 Kd6 45. g3 Kc5 46. Kg2 Kb4 47.
Rh1 Kxa4 48. h4 gxh4 49. gxh4 Kb3 50. h5 Rg4+ 51. Kf3 Rg7 52. h6 Rh7 53. Rh5 a4
54. Rxf5 Rxh6 55. Rxe5 Rh4 56. Kg3 Rc4 57. f4 a3 58. Kg4 a2 59. Re3+ Kb2 60.
Re1 Rc1 61. Re2+ Kb3 62. Rxa2 Kxa2 63. Kf5 Kb3 64. Ke6 Re1+ 0-1

[Event "Wichern op 3rd"]
[Site "Hamburg"]
[Date "1995.??.??"]
[Round "3"]
[White "Martinovsky, Eugene"]
[Black "Hector, Jonny"]
[Result "0-1"]
[WhiteElo "2305"]
[BlackElo "2510"]
[PlyCount "108"]
[EventDate "1995.09.??"]
[Source "ChessBase"]

1. g3 d5 2. Bg2 e5 3. c4 c6 4. cxd5 cxd5 5. d4 e4 6. f3 f5 7. Nh3 Nf6 8. Qb3
Nc6 9. e3 Bd6 10. Nc3 Na5 11. Qc2 Be6 12. Nf4 Bf7 13. fxe4 fxe4 14. Qa4+ Nc6
15. Qb3 a6 16. O-O Na5 17. Qc2 O-O 18. Bh3 Qe7 19. Qf2 b5 20. b3 Nc6 21. g4 g5
22. Nfe2 Be6 23. Qg2 Qd7 24. Bd2 h5 25. Qh1 Nxg4 26. Qg2 Bxh2+ 27. Kh1 Bc7 28.
Ng3 Bxg3 29. Qxg3 Rf3 30. Rxf3 exf3 31. Rf1 h4 32. Qxf3 Nb4 33. Bxg4 Bxg4 34.
Qf6 Qg7 35. a3 Qxf6 36. Rxf6 Kg7 37. Rf1 Nd3 38. Nxd5 Rc8 39. Nc3 a5 40. Kh2 b4
41. axb4 axb4 42. Nb1 Be2 43. Rf5 g4 44. e4 Bf3 45. e5 Nf2 46. Bf4 Ne4 47. e6
Rc2+ 48. Nd2 Nxd2 49. e7 Rc1 50. Be5+ Kg6 51. e8=Q+ Kxf5 52. Qf7+ Ke4 53. Qg6+
Ke3 54. Qh6+ Ke2 0-1

[Event "Wichern op 3rd"]
[Site "Hamburg"]
[Date "1995.??.??"]
[Round "5"]
[White "Dankert, Peter"]
[Black "Hector, Jonny"]
[Result "0-1"]
[WhiteElo "2275"]
[BlackElo "2510"]
[PlyCount "119"]
[EventDate "1995.09.??"]
[Source "ChessBase"]

1. d4 d5 2. Nf3 Nf6 3. c4 c6 4. e3 Bf5 5. Qb3 Qb6 6. Nc3 e6 7. c5 Qc7 8. Be2 h6
9. O-O Nbd7 10. Bd2 Be7 11. Rfc1 O-O 12. Qd1 Rae8 13. b4 e5 14. dxe5 Nxe5 15.
Nxe5 Qxe5 16. Bf3 Bd8 17. Ne2 Ne4 18. Bxe4 Bxe4 19. Bc3 Qg5 20. Ng3 f5 21. Qh5
f4 22. Qxg5 Bxg5 23. exf4 Bxf4 24. Re1 Bg6 25. Ne2 Bg5 26. Nd4 Bf6 27. f3 Bh4
28. g3 Bf6 29. Kg2 Bh5 30. Rxe8 Rxe8 31. Kf2 Rf8 32. f4 g5 33. Ke3 Re8+ 34. Kd3
gxf4 35. gxf4 Re4 36. f5 Kf7 37. Rg1 Rh4 38. Rg2 Be5 39. a4 Rh3+ 40. Kd2 Bf4+
41. Kc2 Rxh2 42. Rxh2 Bxh2 43. Bd2 Kg7 44. Ne6+ Kf6 45. Bxh6 Bg4 46. Nd4 Bxf5+
47. Kc3 Be5 48. Be3 Bc7 49. a5 Ke5 50. a6 bxa6 51. Nxc6+ Ke4 52. Bd4 Bg3 53.
Bg7 Be1+ 54. Kb3 Bf2 55. Kc3 Bg4 56. Kd2 Bd7 57. Nxa7 Be3+ 58. Ke1 d4 59. c6
Bg4 60. Bh6 0-1

[Event "BL2-N 9596"]
[Site "Germany"]
[Date "1996.??.??"]
[Round "?"]
[White "Voigt, Martin"]
[Black "Hector, Jonny"]
[Result "0-1"]
[WhiteElo "2260"]
[BlackElo "2510"]
[PlyCount "72"]
[EventDate "1995.10.??"]
[Source "ChessBase"]

1. e4 e5 2. d4 exd4 3. Qxd4 Nc6 4. Qe3 Nf6 5. Nc3 Bb4 6. Bd2 O-O 7. O-O-O Re8
8. Qg3 Rxe4 9. Bd3 Rg4 10. Qh3 Ne5 11. f4 Nxd3+ 12. Qxd3 Rxg2 13. Nf3 d5 14.
Ne5 c6 15. Qf3 Rxd2 16. Rxd2 Bxc3 17. bxc3 Qa5 18. Kb2 Bf5 19. Rhd1 Ne4 20. Rg2
Nc5 21. Rdg1 g6 22. Qh5 Be4 23. f5 Bxg2 24. fxg6 Qb6+ 25. Ka3 hxg6 26. Rxg2
Qa6+ 27. Kb4 Qb5+ 28. Ka3 Qf1 29. Rxg6+ fxg6 30. Qxg6+ Kf8 31. Qd6+ Ke8 32.
Qxc5 Qf8 33. Qxf8+ Kxf8 34. Nd7+ Ke7 35. Nc5 b6 36. Nd3 Kd6 0-1

[Event "BL2-N 9596"]
[Site "Germany"]
[Date "1996.??.??"]
[Round "?"]
[White "Weyrich, Morten"]
[Black "Hector, Jonny"]
[Result "0-1"]
[WhiteElo "2380"]
[BlackElo "2510"]
[PlyCount "96"]
[EventDate "1995.10.??"]
[Source "ChessBase"]

1. e4 e5 2. Bc4 Nf6 3. d3 Nc6 4. Nc3 Na5 5. Qe2 Be7 6. Nf3 d6 7. h3 O-O 8. Be3
c6 9. Bb3 d5 10. Bg5 h6 11. Bh4 Nh5 12. Bxe7 Qxe7 13. g3 Nf6 14. g4 b5 15. exd5
Nxb3 16. axb3 Nxd5 17. d4 e4 18. Ne5 Nxc3 19. bxc3 Qe8 20. g5 hxg5 21. Qh5 Qe6
22. Rg1 Qh6 23. Qxh6 gxh6 24. h4 f6 25. Nxc6 Bd7 26. Ne7+ Kf7 27. Nd5 Rfc8 28.
Kd2 Be6 29. Ne3 gxh4 30. d5 Bd7 31. Ng2 a5 32. Rh1 h3 33. Nf4 a4 34. Nxh3 axb3
35. Rxa8 Rxa8 36. cxb3 Ra3 37. b4 Bg4 38. Nf4 Ra2+ 39. Ke3 h5 40. Rh2 Rc2 41.
Kxe4 Rxc3 42. Nxh5 Rc4+ 43. Ke3 Rxb4 44. Nf4 Ke7 45. Rh4 Rb3+ 46. Kd4 Bf5 47.
Ng2 Kd6 48. Nf4 Rf3 0-1

[Event "BL2-N 9596"]
[Site "Germany"]
[Date "1996.??.??"]
[Round "?"]
[White "Wilhelmi, Christian"]
[Black "Hector, Jonny"]
[Result "0-1"]
[WhiteElo "2325"]
[BlackElo "2520"]
[PlyCount "156"]
[EventDate "1995.10.??"]
[Source "ChessBase"]

1. Nf3 d5 2. d4 Nf6 3. c4 c6 4. Nc3 e6 5. cxd5 exd5 6. Bg5 Be7 7. e3 Bf5 8. Bd3
Bxd3 9. Qxd3 Nbd7 10. O-O O-O 11. Rad1 Re8 12. Rfe1 Ne4 13. Bxe7 Qxe7 14. Nd2
f5 15. f3 Nxd2 16. Rxd2 Qg5 17. Rde2 Nf6 18. Nd1 Re7 19. Nf2 Nh5 20. Nh3 Qg6
21. Nf4 Qf7 22. Qa3 Nf6 23. Nd3 a6 24. Qb3 Rae8 25. a4 Kh8 26. a5 Qe6 27. Nc5
Qc8 28. Qd3 Rf8 29. Qa3 Qd8 30. Qb4 Rff7 31. Qa3 Ne8 32. Nd3 Nd6 33. Ne5 Rf6
34. Qc3 Nf7 35. Nd3 Qe8 36. b3 Rh6 37. Qb4 Nd6 38. Ne5 Rhe6 39. Qd2 Nf7 40. Nd3
Nd6 41. Ne5 Qh5 42. Rf2 Rh6 43. g3 Rf6 44. Qb4 Qe8 45. Rfe2 Rfe6 46. Qd2 Qf8
47. Nd3 Nf7 48. Nc5 Rg6 49. Kg2 Ng5 50. h4 Nf7 51. e4 dxe4 52. fxe4 Qb8 53. e5
Qd8 54. Rf2 Qd5+ 55. Kh3 Nh6 56. Rf4 Rg4 57. Qf2 g6 58. Rf1 Rg7 59. Qf3 Qg8 60.
Kg2 Rxf4 61. gxf4 Ng4 62. Rh1 h6 63. Kg3 Re7 64. Rd1 Qd8 65. b4 Qe8 66. Rd3 Rg7
67. d5 g5 68. Ne6 gxf4+ 69. Qxf4 Rg8 70. Kh3 cxd5 71. Nc7 Qc6 72. Nxd5 Qc2 73.
Rd2 Qc1 74. e6 Qh1+ 75. Kg3 Ne5+ 76. Kf2 Rg2+ 77. Ke3 Qe1+ 78. Kd4 Rxd2+ 0-1

[Event "BL2-N 9697"]
[Site "Germany"]
[Date "1997.??.??"]
[Round "?"]
[White "Hector, Jonny"]
[Black "Penzold, Andreas"]
[Result "0-1"]
[WhiteElo "2500"]
[BlackElo "2285"]
[PlyCount "104"]
[EventDate "1996.??.??"]
[Source "ChessBase"]

1. e4 e6 2. d4 d5 3. Nc3 Bb4 4. Nge2 dxe4 5. a3 Be7 6. Nxe4 Nc6 7. c4 Nf6 8.
N4c3 O-O 9. g3 e5 10. d5 Na5 11. b3 c6 12. Bg2 cxd5 13. cxd5 Bf5 14. O-O Qb6
15. b4 Nc4 16. h3 a5 17. b5 a4 18. g4 Bg6 19. Nxa4 Qxb5 20. Nac3 Qb6 21. Ng3
Rfd8 22. g5 Ne8 23. Nce4 Ned6 24. Nxd6 Bxd6 25. a4 Bc5 26. Qe2 Bd4 27. Qxc4
Bxa1 28. Ba3 Bd4 29. Be7 Rdc8 30. Qb5 Rc3 31. Ne2 Rb3 32. Qd7 Bd3 33. Nxd4 Qxd4
34. Bd8 h6 35. Rd1 Rb2 36. Qe8+ Kh7 37. Qxf7 Rxd8 38. gxh6 Kxh6 39. Qe6+ Kh7
40. Qf7 Rb1 41. Rxb1 Bxb1 42. Qe7 Rc8 43. Qg5 Qf4 44. Qh5+ Kg8 45. d6 g6 46.
Qe2 Rc1+ 47. Bf1 Bf5 48. Qb5 Kg7 49. Qxb7+ Kh6 50. Qb8 Qg5+ 51. Kh2 Qf6 52. Bb5
Be4 0-1

[Event "BL2-N 9697"]
[Site "Germany"]
[Date "1997.??.??"]
[Round "?"]
[White "Meier, Volker"]
[Black "Hector, Jonny"]
[Result "0-1"]
[WhiteElo "2285"]
[BlackElo "2500"]
[PlyCount "76"]
[EventDate "1996.??.??"]
[Source "ChessBase"]

1. e4 e5 2. Nf3 Nc6 3. Nc3 Nf6 4. Bb5 Nd4 5. Ba4 Bc5 6. O-O O-O 7. d3 d6 8. h3
c6 9. Nxd4 exd4 10. Ne2 d5 11. e5 Nd7 12. f4 a5 13. a3 f6 14. exf6 Nxf6 15. Ng3
Ne8 16. Bd2 Nd6 17. Kh2 Nf5 18. Nxf5 Bxf5 19. Qf3 Qb6 20. Rab1 Bd6 21. Bb3 a4
22. Ba2 Rae8 23. g3 Re6 24. Kg2 Rfe8 25. g4 Bg6 26. f5 Re2+ 27. Rf2 Rxf2+ 28.
Qxf2 Bf7 29. f6 gxf6 30. Qxf6 Re2+ 31. Kf1 Re6 32. Qf3 Bb8 33. Kg2 Qc7 34. Rh1
Qe5 35. Qf2 h5 36. g5 Bg6 37. h4 Bf5 38. Bb1 Qe2 0-1

[Event "Copenhagen KS"]
[Site "Copenhagen"]
[Date "1996.??.??"]
[Round "1"]
[White "Kumaran, Dharshan"]
[Black "Hector, Jonny"]
[Result "0-1"]
[WhiteElo "2495"]
[BlackElo "2525"]
[PlyCount "76"]
[EventDate "1996.07.05"]
[Source "ChessBase"]

1. c4 Nf6 2. Nc3 e5 3. Nf3 Nc6 4. g3 d5 5. cxd5 Nxd5 6. Bg2 Nb6 7. O-O Be7 8.
Rb1 g5 9. d3 Be6 10. Qd2 h6 11. Qe3 Nd5 12. Nxd5 Bxd5 13. Bh3 Qd6 14. b4 Bxa2
15. Rb2 Be6 16. Bxe6 Qxe6 17. b5 Nd4 18. Nxd4 exd4 19. Qxd4 Bf6 20. Qc5 Bxb2
21. Bxb2 f6 22. Qxc7 b6 23. Ba3 Qd7 24. Rc1 Qxc7 25. Rxc7 Rg8 26. Re7+ Kd8 27.
Rh7 Re8 28. e4 a6 29. bxa6 Rxa6 30. Bb2 Kc8 31. Rxh6 b5 32. Rxf6 Rxf6 33. Bxf6
g4 34. Kg2 Kd7 35. h3 Rf8 36. Bd4 gxh3+ 37. Kxh3 Rf3 38. Be5 Rxf2 0-1

[Event "Copenhagen KS"]
[Site "Copenhagen"]
[Date "1996.??.??"]
[Round "5"]
[White "Hector, Jonny"]
[Black "Hansen, Sune Berg"]
[Result "0-1"]
[WhiteElo "2525"]
[BlackElo "2490"]
[PlyCount "80"]
[EventDate "1996.07.05"]
[Source "ChessBase"]

1. e4 c5 2. Nf3 d6 3. d4 cxd4 4. Nxd4 Nf6 5. Nc3 g6 6. Be3 Bg7 7. f3 Nc6 8. Bc4
O-O 9. Qe2 Na5 10. Bd3 Bd7 11. O-O Rc8 12. Ndb5 a6 13. Na7 Rxc3 14. bxc3 Be6
15. f4 Qc7 16. f5 Bc4 17. Bd4 Nd7 18. Rf3 b6 19. Rh3 e5 20. Be3 Nf6 21. Rb1 Rb8
22. Rf1 d5 23. fxg6 hxg6 24. Bh6 Nxe4 25. Bxg7 Kxg7 26. Qe3 Qc5 27. Bxe4 dxe4
28. Rd1 Ra8 29. Rd7 Be6 30. Qxc5 bxc5 31. Rc7 Bxh3 32. gxh3 Nc4 33. Nc8 Rb8 34.
Rxc5 Nd2 35. Kf2 f5 36. Rc7+ Kh6 37. Ne7 Nf3 38. Rc6 Nh4 39. Kg3 Kg5 40. Re6
Rb2 0-1

[Event "Copenhagen KS"]
[Site "Copenhagen"]
[Date "1996.??.??"]
[Round "6"]
[White "Parker, Jonathan"]
[Black "Hector, Jonny"]
[Result "0-1"]
[WhiteElo "2470"]
[BlackElo "2525"]
[PlyCount "70"]
[EventDate "1996.07.05"]
[Source "ChessBase"]

1. d4 d5 2. c4 c6 3. Nf3 Nf6 4. Nc3 e6 5. Bg5 dxc4 6. e4 b5 7. e5 h6 8. Bh4 g5
9. exf6 gxh4 10. Ne5 Qxf6 11. a4 h3 12. gxh3 Bd6 13. Qe2 Rg8 14. O-O-O Nd7 15.
Qe4 Bb7 16. Nxb5 cxb5 17. Qxb7 Rd8 18. Be2 bxa4 19. Nxc4 Qf4+ 20. Kb1 a3 21.
Qc6 Ke7 22. Qxd6+ Qxd6 23. Nxd6 Kxd6 24. bxa3 Rb8+ 25. Ka2 Nb6 26. Rc1 Rg2 27.
Rhf1 Rxh2 28. Bh5 f5 29. Rc3 Nd5 30. Rf3 Nf6 31. Bf7 Rb7 32. Bg6 Rg7 33. Bxf5
exf5 34. Rxf5 Nd5 35. Re1 Rgg2 0-1